|
|
|
|
| LEADER |
01898nam a2200445 a 4500 |
| 001 |
EBC429843 |
| 003 |
MiAaPQ |
| 005 |
20200520144314.0 |
| 006 |
m o d | |
| 007 |
cr cn||||||||| |
| 008 |
061010s2007 enka sb 001 0 eng |
| 010 |
|
|
|z 2006033552
|
| 015 |
|
|
|a GBA702568
|2 bnb
|
| 016 |
7 |
|
|z 013639691
|2 Uk
|
| 020 |
|
|
|z 9780754647867 (alk. paper)
|
| 020 |
|
|
|z 0754647862 (alk. paper)
|
| 035 |
|
|
|a (MiAaPQ)EBC429843
|
| 035 |
|
|
|a (Au-PeEL)EBL429843
|
| 035 |
|
|
|a (CaPaEBR)ebr10211359
|
| 035 |
|
|
|a (CaONFJC)MIL110362
|
| 035 |
|
|
|a (OCoLC)476279235
|
| 040 |
|
|
|a MiAaPQ
|c MiAaPQ
|d MiAaPQ
|
| 043 |
|
|
|a a-ph---
|
| 050 |
|
4 |
|a HN720.M33
|b S53 2007
|
| 082 |
0 |
4 |
|a 307.3/4160959916
|2 22
|
| 100 |
1 |
|
|a Shatkin, Gavin.
|
| 245 |
1 |
0 |
|a Collective action and urban poverty alleviation
|h [electronic resource] :
|b community organizations and the struggle for shelter in Manila /
|c Gavin Shatkin.
|
| 260 |
|
|
|a Aldershot, England ;
|a Burlington, VT :
|b Ashgate,
|c c2007.
|
| 300 |
|
|
|a xiv, 168 p. :
|b ill.
|
| 490 |
1 |
|
|a Urban and regional planning and development series
|
| 504 |
|
|
|a Includes bibliographical references (p. [151]-161) and index.
|
| 533 |
|
|
|a Electronic reproduction. Ann Arbor, MI : ProQuest, 2015. Available via World Wide Web. Access may be limited to ProQuest affiliated libraries.
|
| 650 |
|
0 |
|a Community development
|z Philippines
|z Manila Metropolitan Area.
|
| 650 |
|
0 |
|a Community organization
|z Philippines
|z Manila Metropolitan Area.
|
| 650 |
|
0 |
|a Land use
|z Philippines
|z Manila Metropolitan Area
|x Planning
|x Citizen participation.
|
| 651 |
|
0 |
|a Manila Metropolitan Area (Philippines)
|x Politics and government
|x Citizen participation.
|
| 655 |
|
4 |
|a Electronic books.
|
| 710 |
2 |
|
|a ProQuest (Firm)
|
| 830 |
|
0 |
|a Urban and regional planning and development.
|
| 856 |
4 |
0 |
|u https://ebookcentral.proquest.com/lib/matrademy/detail.action?docID=429843
|z Click to View
|